00358nam a22001457a 4500003000700000005001700007008004100024082002200065100001100087245002400098260003300122300000800155490003500163650001400198MPLRDC20220104145350.0210129b ||||| |||| 00| 0 eng d a947.47 RMYZ-2 v.1 a不详 a鬼谷探宝. 一c ab人民书局有限公司c b平 a人民益智漫画丛刊之二 a儿童画